Gminy Powiatu Szamotulskiego - Statystyki

Ogólne statystyki
  • Ten quiz został rozwiązany 76 razy
  • Średni wynik to 6 z 8
Statystyki odpowiedzi
Hint Odpowiedź % Poprawnych
miejsko-wiejska Szamotuły
96%
miejsko-wiejska Wronki
88%
miejsko-wiejska Pniewy
84%
miejska Obrzycko
76%
wiejska Obrzycko
76%
wiejska Ostroróg
73%
wiejska Kaźmierz
59%
wiejska Duszniki
57%
Nie znaleziono quizów pasujących do podanych kryteriów
Rozkład punktacji
Procent ludzi z każdym wynikiem
Percentyl według liczby udzielonych odpowiedzi
Twoja historia wyników
Nie rozwiązałeś tego quizu